Antarctic geology and geophysics : (Record no. 26066)
[ view plain ]
| 000 -LEADER | |
|---|---|
| fixed length control field | 01753cam a22003615i 4500 |
| 001 - CONTROL NUMBER | |
| control field | 3617865 |
| 003 - CONTROL NUMBER IDENTIFIER | |
| control field | EG-ScBUE |
| 005 - DATE AND TIME OF LATEST TRANSACTION | |
| control field | 20260315101128.0 |
| 008 - FIXED-LENGTH DATA ELEMENTS--GENERAL INFORMATION | |
| fixed length control field | 730523s1972 no a f b 101 0 eng d |
| 020 ## - INTERNATIONAL STANDARD BOOK NUMBER | |
| International Standard Book Number | 8200022536 |
| 040 ## - CATALOGING SOURCE | |
| Original cataloging agency | EG-ScBUE |
| Language of cataloging | eng |
| Description conventions | rda |
| Transcribing agency | EG-ScBUE |
| Modifying agency | EG-ScBUE |
| 043 ## - GEOGRAPHIC AREA CODE | |
| Geographic area code | t------ |
| 082 04 - DEWEY DECIMAL CLASSIFICATION NUMBER | |
| Classification number | 559.89 |
| Item number | ANT |
| Edition number | 22 |
| 111 2# - MAIN ENTRY--MEETING NAME | |
| Meeting name or jurisdiction name as entry element | Symposium on Antarctic Geology and Solid Earth Geophysics |
| Date of meeting | (1970 : |
| Location of meeting | Oslo, Norway) |
| 245 10 - TITLE STATEMENT | |
| Title | Antarctic geology and geophysics : |
| Remainder of title | Symposium on Antarctic Geology and Solid Earth Geophysics, Oslo, 6-15 August 1970 / |
| Statement of responsibility, etc | edited by Raymond J. Adie, British Antractic Survey, Department of Geology, University of Birmingham, Birmingham 15, England ; organized by the Scientific Committee on Antarctic Research ; and sponsored by the International Union of Geological Sciences. |
| 264 #1 - PUBLICATION, DISTRIBUTION, ETC. (IMPRINT) | |
| Place of publication, distribution, etc | Oslo : |
| Name of publisher, distributor, etc | Universitetsforlaget, |
| Date of publication, distribution, etc | 1972. |
| 300 ## - PHYSICAL DESCRIPTION | |
| Extent | 875 pages : |
| Other physical details | illustrations ; |
| Dimensions | 30 cm. |
| 336 ## - CONTENT TYPE | |
| Source | rdacontent |
| Content type term | text |
| Content type code | txt |
| 337 ## - MEDIA TYPE | |
| Media type term | unmediated |
| Source | rdamedia |
| Media type code | n |
| 338 ## - CARRIER TYPE | |
| Carrier type term | volume |
| Carrier type code | nc |
| Source | rdacarrier |
| 490 0# - SERIES STATEMENT | |
| Series statement | International Union of Geological Sciences. Series B ; |
| Volume number/sequential designation | no. 1 |
| 490 0# - SERIES STATEMENT | |
| Series statement | Scandinavian university books |
| 500 ## - GENERAL NOTE | |
| General note | Sponsored by the International Union of Geological Sciences. |
| 504 ## - BIBLIOGRAPHY, ETC. NOTE | |
| Bibliography, etc | Includes bibliographical references and index. |
| 650 #7 - SUBJECT ADDED ENTRY--TOPICAL TERM | |
| Topical term or geographic name as entry element | Geology |
| Geographic subdivision | Antarctica |
| Form subdivision | Congresses. |
| Source of heading or term | BUEsh |
| 650 #7 - SUBJECT ADDED ENTRY--TOPICAL TERM | |
| Topical term or geographic name as entry element | Geophysics |
| Geographic subdivision | Antarctica |
| Form subdivision | Congresses. |
| Source of heading or term | BUEsh |
| 653 ## - INDEX TERM--UNCONTROLLED | |
| Resource For college | Generalities |
| Arrived date list | February2018 |
| 655 ## - INDEX TERM--GENRE/FORM | |
| Form subdivision | Reading book |
| 700 1# - ADDED ENTRY--PERSONAL NAME | |
| Personal name | Adie, Raymond J. |
| Fuller form of name | (Raymond John), |
| Dates associated with a name | 1925-2006, |
| Relator term | editor. |
| 710 2# - ADDED ENTRY--CORPORATE NAME | |
| Corporate name or jurisdiction name as entry element | International Union of Geological Sciences, |
| Relator term | Sponsor. |
| 710 2# - ADDED ENTRY--CORPORATE NAME | |
| Corporate name or jurisdiction name as entry element | International Council of Scientific Unions. |
| Subordinate unit | Scientific Committee on Antarctic Research, |
| Relator term | organizer. |
| 942 ## - ADDED ENTRY ELEMENTS (KOHA) | |
| Source of classification or shelving scheme | Dewey Decimal Classification |
| Koha item type | Book - Borrowing |
| Withdrawn status | Lost status | Source of classification or shelving scheme | Damaged status | Not for loan | Collection code | Home library | Current library | Shelving location | Date acquired | Source of acquisition | Total Checkouts | Full call number | Barcode | Date last seen | Price effective from | Koha item type |
|---|---|---|---|---|---|---|---|---|---|---|---|---|---|---|---|---|
| Dewey Decimal Classification | Baccah | Central Library | Central Library | First floor | 04/02/2018 | Purchase | 559.89 ANT | 000047212 | 15/07/2025 | 04/02/2018 | Book - Borrowing |